Growing patterns : (Record no. 6499)
[ view plain ]
| 000 -LEADER | |
|---|---|
| fixed length control field | 01279cam a2200325 a 4500 |
| 001 - CONTROL NUMBER | |
| control field | 6499 |
| 003 - CONTROL NUMBER IDENTIFIER | |
| control field | FISKH |
| 005 - DATE AND TIME OF LATEST TRANSACTION | |
| control field | 20250808150924.0 |
| 008 - FIXED-LENGTH DATA ELEMENTS--GENERAL INFORMATION | |
| fixed length control field | 090626s2010 paua j 000 0 eng |
| 010 ## - LIBRARY OF CONGRESS CONTROL NUMBER | |
| LC control number | 2009024075 |
| 020 ## - INTERNATIONAL STANDARD BOOK NUMBER | |
| International Standard Book Number | 9781590787526 (hardcover : alk. paper) |
| 020 ## - INTERNATIONAL STANDARD BOOK NUMBER | |
| International Standard Book Number | 1590787528 (hardcover : alk. paper) |
| 020 ## - INTERNATIONAL STANDARD BOOK NUMBER | |
| International Standard Book Number | 9780545484305 |
| 040 ## - CATALOGING SOURCE | |
| Original cataloging agency | DLC |
| Transcribing agency | DLC |
| Modifying agency | DLC |
| Language of cataloging | eng |
| 050 ## - LIBRARY OF CONGRESS CALL NUMBER | |
| Classification number | PZ7 |
| 082 ## - DEWEY DECIMAL CLASSIFICATION NUMBER | |
| Classification number | 510 |
| 100 1# - MAIN ENTRY--PERSONAL NAME | |
| Personal name | Campbell, Sarah C., |
| Dates associated with a name | 1966- |
| 245 10 - TITLE STATEMENT | |
| Title | Growing patterns : |
| Remainder of title | Fibonacci numbers in nature / |
| Statement of responsibility, etc. | Sarah C. Campbell ; photographs by Sarah C. Campbell and Richard P. Campbell. |
| 260 ## - PUBLICATION, DISTRIBUTION, ETC. | |
| Place of publication, distribution, etc. | New York : |
| Name of publisher, distributor, etc. | Scholastic, |
| Date of publication, distribution, etc. | 2010 |
| 300 ## - PHYSICAL DESCRIPTION | |
| Extent | 32 pages : |
| Other physical details | color illustrations ; |
| Dimensions | 19 x 28 cm |
| 520 ## - SUMMARY, ETC. | |
| Summary, etc. | What's the biggest mathematical mystery in nature? Fibonacci numbers! The pattern creeps up in the most unexpected places. It's clear that math holds secrets to nature and that nature holds secret numbers. |
| 650 #0 - SUBJECT ADDED ENTRY--TOPICAL TERM | |
| Topical term or geographic name entry element | Fibonacci numbers |
| Form subdivision | Juvenile literature. |
| 650 #0 - SUBJECT ADDED ENTRY--TOPICAL TERM | |
| Topical term or geographic name entry element | Mathematics in nature |
| Form subdivision | Juvenile literature. |
| 650 #1 - SUBJECT ADDED ENTRY--TOPICAL TERM | |
| Topical term or geographic name entry element | Fibonacci numbers. |
| 650 #1 - SUBJECT ADDED ENTRY--TOPICAL TERM | |
| Topical term or geographic name entry element | Mathematics in nature. |
| 700 1# - ADDED ENTRY--PERSONAL NAME | |
| Personal name | Campbell, Richard P. |
| Relator term | illustrator |
| 906 ## - LOCAL DATA ELEMENT F, LDF (RLIN) | |
| a | 7 |
| b | cbc |
| c | orignew |
| d | 1 |
| e | ecip |
| f | 20 |
| g | y-gencatlg |
| 942 ## - ADDED ENTRY ELEMENTS (KOHA) | |
| Source of classification or shelving scheme | Dewey Decimal Classification |
| Koha item type | Books |
| Suppress in OPAC | No |
| Withdrawn status | Lost status | Source of classification or shelving scheme | Damaged status | Not for loan | Collection | Home library | Current library | Shelving location | Date acquired | Total Checkouts | Full call number | Barcode | Date last seen | Copy number | Price effective from | Koha item type |
|---|---|---|---|---|---|---|---|---|---|---|---|---|---|---|---|---|
| Dewey Decimal Classification | Non-Fiction | Footprints International School Library Network Toul Kork Campus | Footprints International School Library Network Toul Kork Campus | A TK Campus, 4th Floor, Room B401, Non-Fiction Bookcases(7-8) | 05/07/2025 | CAM 510 PZ7 | FISTK04983 | 05/07/2025 | 1 | 05/07/2025 | Books | |||||
| Dewey Decimal Classification | Non-Fiction | Footprints International School Library Network Toul Tom Poung Campus | Footprints International School Library Network Toul Tom Poung Campus | TTP Secondary Non-Fiction Bookshelves | 08/08/2025 | CAM 510 PZ7 | FISSE01271 | 08/08/2025 | 2 | 08/08/2025 | Books |
